[Event "Nezhmetdinov Memorial 30th"]
[Site "Kazan"]
[Date "2008.06.01"]
[Round "1"]
[White "Slavnova, Dania"]
[Black "Kalegin, Evgenij"]
[Result "0-1"]
[WhiteElo "2182"]
[BlackElo "2510"]
[PlyCount "62"]
[EventDate "2008.06.01"]
[EventType "swiss"]
[EventRounds "9"]
[EventCountry "RUS"]
[SourceTitle "EXT 2009"]
[Source "ChessBase"]
[SourceDate "2008.11.26"]
[SourceVersion "1"]
[SourceVersionDate "2008.11.26"]
[SourceQuality "1"]

1. d4 Nf6 2. c4 g6 3. Nc3 Bg7 4. e4 d6 5. f3 c6 6. Bd3 a6 7. Nge2 b5 8. d5 bxc4 9. Bxc4 0-0 10. Be3 c5 11. Qd2 Nbd7 12. 0-0 Rb8 13. Rab1 Ne5 14. Bb3 a5 15. Kh1 Ba6 16. Bh6 Bxh6 17. Qxh6 Bd3 18. Rbd1 c4 19. Ba4 Rxb2 20. Rd2 Qb6 21. Rxb2 Qxb2 22. Qc1 Qb6 23. h3 Rb8 24. Re1 Bxe2 25. Rxe2 Nh5 26. Kh2 Nd3 27. Qe3 Qb4 28. Rc2 Qa3 29. Bb5 Nb4 30. Re2 Nf4 31. Rf2 Rxb5 0-1

[Event "RUS-ch (Women) 1st League 58th"]
[Site "Smolensk"]
[Date "2008.03.05"]
[Round "8"]
[White "Bogacheva, Anna"]
[Black "Slavnova, Dania"]
[Result "1-0"]
[WhiteElo "1916"]
[BlackElo "2233"]
[PlyCount "131"]
[EventDate "2008.02.27"]
[EventType "swiss"]
[EventRounds "9"]
[EventCountry "RUS"]
[SourceTitle "CBM 123 Extra"]
[Source "ChessBase"]
[SourceDate "2008.05.06"]
[SourceVersion "1"]
[SourceVersionDate "2008.05.06"]
[SourceQuality "1"]

1. e4 d5 2. exd5 Qxd5 3. Nc3 Qd6 4. g3 c6 5. Bg2 Nf6 6. Nf3 Bg4 7. h3 Bxf3 8. Qxf3 Qe5+ 9. Qe3 Qxe3+ 10. dxe3 e6 11. Bd2 Bb4 12. 0-0-0 Nbd7 13. a3 Ba5 14. b4 Bd8 15. b5 Rc8 16. bxc6 bxc6 17. Ne4 Nxe4 18. Bxe4 Nf6 19. Bf3 0-0 20. c4 Be7 21. Kb2 c5 22. Ba5 Bd8 23. Bc3 Be7 24. Rd2 Rfd8 25. Rhd1 Rxd2+ 26. Rxd2 Rd8 27. Rxd8+ Bxd8 28. Kb3 Ne8 29. Be5 Kf8 30. Bb8 Bb6 31. Be5 Ke7 32. Bc6 f6 33. Bc3 Nd6 34. g4 Bd8 35. f4 Nc8 36. h4 Kd6 37. Be4 h6 38. h5 Nb6 39. g5 e5 40. g6 Ke6 41. f5+ Kd6 42. Bb7 Kc7 43. Bd5 Kd6 44. e4 Bc7 45. Bd2 Nc8 46. Ka4 Ne7 47. Kb5 Kd7 48. Be6+ Kd6 49. Be3 Bb6 50. Bd5 a5 51. Kxb6 Nc8+ 52. Kb5 a4 53. Bxc5+ Kc7 54. Bf8 Na7+ 55. Kxa4 Kb6 56. c5+ Ka6 57. Bxg7 Nb5 58. Bc4 Kb7 59. Kxb5 Ka7 60. Bf8 Kb7 61. g7 Ka7 62. Bd5 Kb8 63. Bd6+ Ka7 64. Bb8+ Kxb8 65. g8Q+ Ka7 66. Qa8# 1-0

[Event "Kireevsk"]
[Site "Kireevsk"]
[Date "2006.12.24"]
[Round "2"]
[White "Sosulin, Eduard"]
[Black "Slavnova, Dania"]
[Result "1/2-1/2"]
[WhiteElo "2380"]
[BlackElo "2305"]
[PlyCount "30"]
[EventDate "2006.12.23"]
[EventType "tourn"]
[EventRounds "13"]
[EventCountry "RUS"]
[EventCategory "5"]
[SourceTitle "EXT 2019"]
[Source "ChessBase"]
[SourceDate "2018.10.10"]
[SourceVersion "1"]
[SourceVersionDate "2018.10.10"]
[SourceQuality "1"]

1. e4 e5 2. Nf3 Nc6 3. Bb5 a6 4. Bxc6 dxc6 5. Nc3 f6 6. d4 exd4 7. Nxd4 c5 8. Nde2 Qxd1+ 9. Nxd1 Be6 10. Bf4 0-0-0 11. Ne3 Ne7 12. Rd1 Rxd1+ 13. Kxd1 f5 14. Nc3 fxe4 15. Nxe4 Nd5 1/2-1/2